Catálogo
 En Linea

Viva es la voz de la verdad : (Registro nro. 48255)

Detalles MARC
000 -CABECERA
campo de control de longitud fija 01658nam a2200277 a 4500
001 - NÚMERO DE CONTROL
campo de control 000048767
003 - IDENTIFICADOR DEL NÚMERO DE CONTROL
campo de control OSt
005 - FECHA Y HORA DE LA ÚLTIMA TRANSACCIÓN
campo de control 20210405150544.0
008 - DATOS DE LONGITUD FIJA--INFORMACIÓN GENERAL
campo de control de longitud fija 190411s2018 dr ac 000 p spa d
020 ## - NÚMERO INTERNACIONAL ESTÁNDAR DEL LIBRO
Número Internacional Estándar del Libro 9789945091724
040 ## - FUENTE DE LA CATALOGACIÓN
Centro catalogador/agencia de origen DO-SdBNP
Lengua de catalogación spa
Centro/agencia transcriptor BNPHU
082 ## - NÚMERO DE LA CLASIFICACIÓN DECIMAL DEWEY
Número de clasificación RD861.44
Número de documento/Ítem V855v, 2018
245 00 - MENCIÓN DE TÍTULO
Título Viva es la voz de la verdad :
Resto del título antología poética /
Mención de responsabilidad, etc. edición, introducción y notas de Rei Berroa ; [XXVI Maratón de Poesía del Teatro de la Luna].
260 ## - PUBLICACIÓN, DISTRIBUCIÓN, ETC.
Lugar de publicación, distribución, etc. Santo Domingo :
Nombre del editor, distribuidor, etc. [Teatro de la luna],
Fecha de publicación, distribución, etc. 2018.
300 ## - DESCRIPCIÓN FÍSICA
Extensión 381 p. :
Otras características físicas il., retrs. ;
Dimensiones 22 cm.
490 1# - MENCIÓN DE SERIE
Mención de serie Libros de la luna
Designación de volumen o secuencia 13
500 ## - NOTA GENERAL
Nota general Incluye referencias bibliográficas y notas al pie de las páginas
505 0# - NOTA DE CONTENIDO CON FORMATO
Nota de contenido con formato Reconocimientos --
Título Presentación --
Mención de responsabilidad Aída Cartagena Portalatín: Mucha mujer en un sollo nombre --
Título Selección poética --
-- Una mujer está sola --
-- Cómo llorar la muerte de una rosa --
-- Estación en la tierra --
-- Bibliografía básica --
Mención de responsabilidad Leopoldo de Luis: El hondón del testimonio solidario --
Título Seleccion de poemas --
-- Mee siento extraño --
-- La ropa en la ventana --
-- Los nombres de las cosas
-- La palabra --
-- Huelen las rosas
-- Plinio Chahín (República Dominicana, 1958)
Mención de responsabilidad Jorge Galán (El Salvador, 1973)
-- Manuel Iris (México, 1983)
-- Pedro Larrea (España, 1981)
-- Milagros Terán (Nicaragua)
-- Carlos Velásquez Torres (Bogotá, Colombia)
-- Tony Espaillat (Santiago, (República Dominicana)
590 ## - NOTA LOCAL (RLIN)
Nota local Inventariado, 2019 /LP
650 4# - PUNTO DE ACCESO ADICIONAL DE MATERIA--TÉRMINO DE MATERIA
Término de materia o nombre geográfico como elemento de entrada Poesía dominicana
9 (RLIN) 78308
650 4# - PUNTO DE ACCESO ADICIONAL DE MATERIA--TÉRMINO DE MATERIA
Término de materia o nombre geográfico como elemento de entrada Literatura dominicana
9 (RLIN) 78309
700 1# - PUNTO DE ACCESO ADICIONAL--NOMBRE DE PERSONA
Nombre de persona Berroa, Rei,
Fechas asociadas al nombre 1949-
Término indicativo de función/relación editor
9 (RLIN) 160
830 #0 - PUNTO DE ACCESO ADICIONAL DE SERIE-TÍTULO UNIFORME
Título uniforme Libros de la luna
Designación de volumen o secuencia 13
9 (RLIN) 10156
910 ## - DATOS DE OPCIÓN DEL USUARIO (OCLC)
Datos de opción del usuario D/G
942 ## - ELEMENTOS DE PUNTO DE ACCESO ADICIONAL (KOHA)
Fuente del sistema de clasificación o colocación Dewey Decimal Classification
Tipo de ítem Koha Libro
Existencias
Estado de retiro Estado de pérdida Fuente del sistema de clasificación o colocación Restricciones de uso No para préstamo Código de colección Localización permanente Ubicación/localización actual Ubicación en estantería Fecha de adquisición Total de préstamos Signatura topográfica completa Código de barras Fecha visto por última vez Número de copia Precio válido a partir de Tipo de ítem Koha
    Dewey Decimal Classification Préstamo en sala   Dominicana de Servicio Biblioteca Nacional Pedro Henríquez Ureña Biblioteca Nacional Pedro Henríquez Ureña Depósito 11.04.2019   BNPHU DS RD861.44 V855v 2018 48767-30 25.06.2020 e. 3 25.06.2020 Libro y Folleto Colección Dominicana de Servicio
    Dewey Decimal Classification Excluido de préstamo Excluido de préstamo Patrimonio Dominicano Biblioteca Nacional Pedro Henríquez Ureña Patrimonio Dominicano Depósito 11.04.2019   BNPHU PD RD861.44 V855v 2018 48767-10 25.06.2020   25.06.2020 Libro y Folleto Colección Patrimonio Dominicano
    Dewey Decimal Classification Excluido de préstamo Préstamo restrigido Patrimonio Dominicano Biblioteca Nacional Pedro Henríquez Ureña Patrimonio Dominicano Depósito 11.04.2019   BNPHU PD RD861. 44 V855v 2018 48767-20 25.06.2020 e. 2 25.06.2020 Libro y Folleto Colección Patrimonio Dominicano

Con tecnología Koha